Structural Mechanics : (Record no. 2433)

MARC details
000 -LEADER
fixed length control field 00869nac a22002051u 4500
008 - FIXED-LENGTH DATA ELEMENTS--GENERAL INFORMATION
fixed length control field 100907t xxu||||| |||| 00| 0 eng d
010 ## - LIBRARY OF CONGRESS CONTROL NUMBER
LC control number 2002025831
020 ## - INTERNATIONAL STANDARD BOOK NUMBER
International Standard Book Number 0582431654
082 00 - DEWEY DECIMAL CLASSIFICATION NUMBER
Classification number 624.171
Item number STR
100 ## - MAIN ENTRY--PERSONAL NAME
Personal name 20080729
9 (RLIN) 18504
245 00 - TITLE STATEMENT
Title Structural Mechanics :
Remainder of title Loads, Analysis, Design, and Materials /
Statement of responsibility, etc H. Al Nageim ... [et al.].
250 ## - EDITION STATEMENT
Edition statement 6th ed.
260 ## - PUBLICATION, DISTRIBUTION, ETC. (IMPRINT)
Place of publication, distribution, etc Harlow, England ;
-- Upper Saddle River, NJ :
Name of publisher, distributor, etc Prentice Hall,
Date of publication, distribution, etc 2002.
300 ## - PHYSICAL DESCRIPTION
Extent 361 p. :
Other physical details ill.;
Dimensions 25 m.
504 ## - BIBLIOGRAPHY, ETC. NOTE
Bibliography, etc Includes bibliographical references and index.
650 #0 - SUBJECT ADDED ENTRY--TOPICAL TERM
Topical term or geographic name as entry element Structural analysis (Engineering)
9 (RLIN) 18505
700 1# - ADDED ENTRY--PERSONAL NAME
Personal name Al Nageim, H.
Fuller form of name (Hassan)
9 (RLIN) 18506
942 ## - ADDED ENTRY ELEMENTS (KOHA)
Item type Book - Borrowing
Call number prefix 624.171STR
Source of classification or shelving scheme Dewey Decimal Classification
Holdings
Withdrawn status Item status Source of classification or shelving scheme Damaged status Not for loan Vendor Home library Current library Shelving location Date acquired Source of acquisition Total Checkouts Total Renewals Full call number Barcode Date last seen Date last borrowed Koha item type
    Dewey Decimal Classification       Central Library Central Library First floor 07/09/2010   2 2 624.171 STR 000001873 15/07/2025 12/12/2015 Book - Borrowing